000 00406nam a2200169Ia 4500
001 1469
003 IN-NITTTR
005 20251114232915.0
008 251113s9999||||xx |||||||||||||| ||eng||
040 _beng
040 _cIN-NITTTR
041 _aeng
082 _a672.24 L667M
100 _aLipnitsky, A.
245 4 _aThe melting of cast iron and non- ferrous alloys /
_cLipnitsky, A.
942 _2ddc
_cBK
999 _c1912
_d1912